000 00941nas a2200325 4500
001 BR2012004429
003 BR-BrBNA
005 20231205120746.0
007 ta
008 230509b bl.|||p| |||| 00| 00por d
040 _aBR-BrBNA
_bpor
_cBiblioteca Nacional de Agricultura
041 _a(En)
072 _aL02; L50
100 1 _aCardoso, V. da S.
100 1 _aLima, C.A.R. de
100 1 _aLima, M.E.F. de
100 1 _aDorneles, L.E.G.
100 1 _aDanelli, M. das G.M.
245 1 _aPiperine as a phytogenic additive in broiler diets
650 _aFRANGO DE CORTE
650 _aPINTO
650 _aDIETA
650 _aSUPLEMENTO ALIMENTAR
650 _aADITIVO
650 _aBIOQUIMICA ANIMAL
650 _aMICROSCOPIA
773 0 _tPesquisa Agropecuária Brasileira (Brazil)
_xISSN 0100-204X
_g(Apl 2012), v. 47(4) p. 489-496
_wBR2012004429
909 _a202311
_bLúcia
_c55
_dLúcia Elande
942 _2AGRIS
_n0
_cANA
999 _c220165
_d220165